000 00556nam a22001817a 4500
008 130821s1925 fr gr fre
040 _aCo-BoUCM
_bspa
041 0 0 _afre
100 _aLouys, Pierre
_d1870-1925
_9149783
245 0 3 _aL'ecrépuscule de nymphes
_cPierre Louys
260 _aParís (Francia)
_bEditions Montaigne
_c1925
300 _a176 páginas
500 _aIncluye índice
600 _aCastro Silva
_9563
650 0 4 _aPoesía francesa
_921811
942 _cLIBRO
_a18
_e1
_mL68
_n0
_2DEWEY
_h841
999 _c86135
_d86135